重伝建の町並みがある自治体 - Statistics

General Stats
  • This quiz has been taken 167 times
    53 since last reset
  • The average score is 71 of 129
Answer Stats
都道府県 Answer 地区名 種別 % Correct
北海道 函館市 元町末広町 港町
92%
青森県 弘前市 仲町 武家町
89%
石川県 金沢市 東山ひがし 茶屋町
83%
金沢市 主計町 茶屋町
83%
金沢市 卯辰山麓 寺町
83%
金沢市 寺町台 寺町
83%
仙北市 角館 武家町
81%
埼玉県 川越市 川越 商家町
78%
富山県 高岡市 山町筋 商家町
78%
高岡市 金屋町 鋳物師町
78%
高岡市 吉久 在郷町
78%
輪島市 黒島地区 船主集落
78%
長野県 長野市 戸隠 宿坊群・門前町
78%
岐阜県 高山市 三町 商家町
78%
高山市 下二之町大新町 商家町
78%
白山市 白峰 山村・養蚕集落
75%
千葉県 香取市 佐原 商家町
72%
加賀市 加賀橋立 船主集落
72%
加賀市 加賀東谷 山村集落
72%
新潟県 佐渡市 宿根木 港町
69%
佐渡市 小木 港町
69%
南砺市 相倉 山村集落
69%
南砺市 菅沼 山村集落
69%
塩尻市 奈良井 宿場町
69%
塩尻市 木曾平沢 漆工町
69%
木曽郡南木曽町 妻籠宿 宿場町
69%
京都市右京区 嵯峨鳥居本 門前町
69%
廿日市市 宮島町 門前町
69%
山口県 萩市 堀内地区 武家町
69%
萩市 平安古地区 武家町
69%
萩市 浜崎 港町
69%
萩市 佐々並市 宿場町
69%
郡上市 郡上八幡北町 城下町
67%
大野郡白川村 荻町 山村集落
67%
滋賀県 大津市 坂本 里坊群・門前町
67%
豊岡市 出石 城下町
67%
島根県 大田市 大森銀山 鉱山町
67%
大田市 温泉津 港町・温泉町
67%
福山市 鞆町 港町
67%
黒石市 中町 商業町
64%
福井県 小浜市 小浜西組 商家町・茶屋町
64%
南条郡南越前町 今庄宿 宿場町
64%
与謝郡伊根町 伊根浦 漁村
64%
長崎県 長崎市 東山手 港町
64%
長崎市 南山手 港町
64%
秋田県 横手市 増田 在郷町
61%
三方上中郡若狭町 熊川宿 宿場町
61%
山梨県 甲州市 塩山下小田原上条 山村・養蚕集落
61%
豊田市 足助 商家町
61%
岡山県 倉敷市 倉敷川畔 商家町
61%
愛媛県 宇和島市 津島町岩松 在郷町
61%
群馬県 桐生市 桐生新町 製織町
58%
美濃市 美濃町 商家町
58%
恵那市 岩村町本通り 商家町
58%
三重県 亀山市 関宿 宿場町
58%
東近江市 五個荘金堂 農村集落
58%
京都市東山区 産寧坂 門前町
58%
京都市東山区 祇園新橋 茶屋町
58%
南丹市 美山町北 山村集落
58%
鳥取県 倉吉市 打吹玉川 商家町
58%
津山市 城東 商家町
58%
津山市 城西 寺町・商家町
58%
三好市 東祖谷山村落合 山村集落
58%
南九州市 知覧 武家町
58%
彦根市 河原町芹町地区 商家町
56%
与謝郡与謝野町 加悦 製織町
56%
高梁市 吹屋 鉱山町
56%
宮崎県 日南市 飫肥 武家町
56%
近江八幡市 八幡 商家町
53%
京都府 京都市北区 上賀茂 社家町
53%
丹波篠山市 篠山 城下町
53%
丹波篠山市 福住 宿場町・農村集落
53%
広島県 呉市 豊町御手洗 港町
53%
大分県 日田市 豆田町 商家町
53%
岩手県 胆沢郡金ケ崎町 城内諏訪小路 武家町
50%
奈良県 橿原市 今井町 寺内町・在郷町
50%
竹原市 竹原地区 製塩町
50%
西予市 宇和町卯之町 在郷町
50%
高知県 室戸市 吉良川町 在郷町
50%
南会津郡南会津町 前沢 山村集落
47%
茨城県 桜川市 真壁 在郷町
47%
吾妻郡中之条町 六合赤岩 山村・養蚕集落
47%
八頭郡若桜町 若桜 商家町
47%
うきは市 筑後吉井 在郷町
47%
うきは市 新川田篭 山村集落
47%
西松浦郡有田町 有田内山 製磁町
47%
日向市 美々津 港町
47%
八重山郡竹富町 竹富島 島の農村集落
47%
栃木県 栃木市 嘉右衛門町 在郷町
44%
南巨摩郡早川町 赤沢 山村・講中宿
44%
五條市 五條新町 商家町
44%
宇陀市 松山 商家町
44%
香川県 丸亀市 塩飽本島町笠島 漁村集落
44%
薩摩川内市 入来麓 武家町
44%
南さつま市 加世田麓 武家町
44%
南会津郡下郷町 大内宿 宿場町
42%
兵庫県 神戸市中央区 北野町山本通 港町
42%
養父市 大屋町大杉 山村・養蚕集落
42%
鹿足郡津和野町 津和野 武家町・商家町
42%
徳島県 美馬市 脇町南町 商家町
42%
東御市 海野宿 宿場・養蚕町
39%
愛知県 名古屋市緑区 有松 染織町
39%
大阪府 富田林市 富田林 寺内町・在郷町
39%
和歌山県 有田郡湯浅町 湯浅 醸造町
39%
西伯郡大山町 所子 農村集落
39%
福岡県 八女市 八女福島 商家町
39%
八女市 黒木 在郷町
39%
朝倉市 秋月 城下町郡上市
39%
東臼杵郡椎葉村 十根川 山村集落
39%
宮城県 柴田郡村田町 村田 商業町
36%
海部郡牟岐町 出羽島 漁村集落
36%
福島県 喜多方市 小田付 在郷町・醸造町
33%
北安曇郡白馬村 青鬼 山村集落
33%
小田郡矢掛町 矢掛宿 宿場町
33%
喜多郡内子町 八日市護国 製蝋町
33%
安芸市 土居廓中 武家町
33%
佐賀県 鹿島市 浜庄津町浜金屋町 港町・在郷町
33%
鹿島市 浜中町八本木宿 醸造町
33%
雲仙市 神代小路 武家町
33%
須坂市 須坂 製糸町・商家町
31%
千曲市 稲荷山 商家町
31%
静岡県 焼津市 花沢 山村集落
31%
柳井市 古市金屋 商家町
31%
嬉野市 塩田津 商家町
31%
鹿児島県 出水市 出水麓 武家町
31%
たつの市 龍野 商家町・醸造町
28%
杵築市 北台南台 武家町
28%
平戸市 大島村神浦 港町
25%
沖縄県 島尻郡渡名喜村 渡名喜島 島の農村集落
14%
No matching quizzes found
Score Distribution
Percent of People with Each Score
Percentile by Number Answered
Your Score History
You have not taken this quiz since the last reset